[Event "Wolrd Chess Olympiad 2018"]
[Site "Batumi"]
[Date "2018.10.03"]
[Round "9"]
[Board "3"]
[WhiteFideId "19800061"]
[White "Toure Amadou"]
[BlackFideId "8800820"]
[Black "Dacres Don"]
[Result "0-1"]
[LiveChessVersion "1.4.8"]
[BlackElo "1780"]
[WhiteElo "1859"]

1. e4 {[%clk 1:30:43]} c5 {[%clk 1:30:43]} 2. Nf3 {[%clk 1:30:56]} e6
{[%clk 1:30:10]} 3. d4 {[%clk 1:30:05]} cxd4 {[%clk 1:30:22]} 4. Nxd4
{[%clk 1:29:49]} Nc6 {[%clk 1:30:41]} 5. Nxc6 {[%clk 1:28:36]} bxc6
{[%clk 1:31:01]} 6. Bd3 {[%clk 1:27:37]} d5 {[%clk 1:31:09]} 7. exd5
{[%clk 1:27:12]} cxd5 {[%clk 1:31:31]} 8. O-O Nf6 9. Bg5 {[%clk 1:25:47]} Be7
{[%clk 1:31:39]} 10. Nd2 {[%clk 1:23:55]} O-O {[%clk 1:31:36]} 11. Nf3
{[%clk 1:23:42]} h6 {[%clk 1:31:23]} 12. Bh4 {[%clk 1:23:54]} Rb8
{[%clk 1:29:58]} 13. b3 {[%clk 1:23:22]} Nd7 {[%clk 1:24:05]} 14. Bxe7
{[%clk 1:19:52]} Qxe7 {[%clk 1:24:15]} 15. c4 {[%clk 1:18:09]} dxc4
{[%clk 1:23:35]} 16. Bxc4 {[%clk 1:18:16]} Bb7 {[%clk 1:23:35]} 17. Qe2
{[%clk 1:13:54]} Rfd8 {[%clk 1:20:55]} 18. Rfd1 {[%clk 1:08:05]} Bxf3
{[%clk 1:20:14]} 19. Qxf3 {[%clk 1:07:31]} Ne5 {[%clk 1:20:52]} 20. Qe4
{[%clk 1:06:38]} Rxd1+ {[%clk 1:17:27]} 21. Rxd1 {[%clk 1:07:04]} Nxc4
{[%clk 1:17:24]} 22. Qxc4 {[%clk 1:07:32]} Rd8 {[%clk 1:17:27]} 23. Rxd8+
{[%clk 1:06:08]} Qxd8 {[%clk 1:17:47]} 24. Qe2 {[%clk 1:05:17]} a5
{[%clk 1:17:54]} 25. h3 {[%clk 1:05:00]} Qd5 {[%clk 1:17:52]} 26. Qc2
{[%clk 1:04:01]} e5 {[%clk 1:15:00]} 27. Kh2 {[%clk 0:59:36]} e4 {[%clk 1:14:32]}
28. g4 {[%clk 0:55:02]} g6 {[%clk 1:14:18]} 29. Kg1 {[%clk 0:54:02]} f5
{[%clk 1:13:56]} 30. Kf1 {[%clk 0:51:56]} f4 {[%clk 1:13:16]} 31. f3
{[%clk 0:42:39]} Qb5+ {[%clk 1:12:25]} 32. Kg2 {[%clk 0:42:36]} exf3+
{[%clk 1:04:02]} 33. Kxf3 {[%clk 0:39:40]} g5 {[%clk 1:03:57]} 34. Qg6+
{[%clk 0:39:25]} Kh8 {[%clk 1:04:06]} 35. Qxh6+ {[%clk 0:39:35]} Kg8
{[%clk 1:04:32]} 36. Qe6+ {[%clk 0:37:13]} Kg7 {[%clk 1:03:58]} 37. Qe7+
{[%clk 0:32:13]} Kg6 {[%clk 1:01:11]} 38. Qe2 {[%clk 0:30:22]} Qb4
{[%clk 0:55:35]} 39. Qe4+ {[%clk 0:30:25]} Kh6 {[%clk 0:55:36]} 40. h4
{[%clk 0:28:04]} Qc3+ {[%clk 0:55:31]} 41. Ke2 {[%clk 0:56:19]} Qb2+
{[%clk 1:24:41]} 42. Kd3 {[%clk 0:46:58]} Qb1+ {[%clk 1:24:36]} 43. Kd4
{[%clk 0:46:30]} Qg1+ {[%clk 1:24:29]} 44. Kc4 {[%clk 0:28:12]} Qxg4
{[%clk 1:24:04]} 45. hxg5+ {[%clk 0:17:27]} Kxg5 {[%clk 1:23:54]} 46. Qe7+
{[%clk 0:16:44]} Kh5 {[%clk 1:24:28]} 47. Qh7+ {[%clk 0:16:21]} Kg5
{[%clk 1:24:35]} 48. Qe7+ {[%clk 0:14:12]} Kh5 {[%clk 1:24:51]} 49. Qe8+
{[%clk 0:12:22]} Kh4 {[%clk 1:24:40]} 50. Qd8+ {[%clk 0:10:10]} Kg3
{[%clk 1:24:21]} 51. Qxa5 {[%clk 0:09:22]} f3+ {[%clk 1:24:33]} 52. Kd3
{[%clk 0:07:52]} f2 {[%clk 1:24:12]} 53. Qe5+ {[%clk 0:06:01]} Kg2
{[%clk 1:24:09]} 54. Ke3 {[%clk 0:02:17]} Qg3+ {[%clk 1:23:11]} 0-1

[Event "Wolrd Chess Olympiad 2018"]
[Site "Batumi"]
[Date "2018.10.03"]
[Round "9"]
[Board "4"]
[WhiteFideId "8800936"]
[White "Cabral Daniel"]
[BlackFideId "19800290"]
[Black "Diallo Djibril"]
[Result "0-1"]
[LiveChessVersion "1.4.8"]
[BlackElo "1648"]
[WhiteElo "1618"]

1. e4 {[%clk 1:30:57]} e6 {[%clk 1:30:05]} 2. d4 {[%clk 1:31:23]} d5
{[%clk 1:30:21]} 3. e5 {[%clk 1:31:39]} c5 {[%clk 1:28:52]} 4. c3
{[%clk 1:31:58]} Nc6 {[%clk 1:27:39]} 5. Nf3 {[%clk 1:32:16]} cxd4
{[%clk 1:25:35]} 6. cxd4 {[%clk 1:32:36]} Bb4+ {[%clk 1:25:43]} 7. Nc3
{[%clk 1:32:41]} Qb6 {[%clk 1:25:05]} 8. Bd3 {[%clk 1:31:37]} Bd7
{[%clk 1:24:58]} 9. Be3 {[%clk 1:30:40]} Qa5 {[%clk 1:20:25]} 10. Qb3
{[%clk 1:14:04]} Nxd4 {[%clk 1:17:57]} 11. Nxd4 {[%clk 1:07:41]} Ba4
{[%clk 1:18:14]} 12. Bb5+ {[%clk 1:07:33]} Bxb5 {[%clk 1:17:27]} 13. Ndxb5
{[%clk 1:07:32]} Qxb5 {[%clk 1:17:38]} 14. O-O {[%clk 1:04:30]} Qc4
{[%clk 1:17:39]} 15. Qa4+ {[%clk 0:55:09]} Ke7 {[%clk 1:14:42]} 16. Nb5
{[%clk 0:47:50]} a6 {[%clk 1:11:32]} 17. Nc7 {[%clk 0:41:36]} b5 {[%clk 1:09:05]}
18. Rac1 {[%clk 0:39:19]} bxa4 19. Rxc4 dxc4 {[%clk 1:02:16]} 20. Nxa8
{[%clk 0:39:34]} Nh6 {[%clk 1:01:23]} 21. Bxh6 {[%clk 0:35:52]} Rxa8
{[%clk 1:00:43]} 22. Bxg7 {[%clk 0:35:57]} a3 {[%clk 1:00:12]} 23. Bf6+
{[%clk 0:30:35]} Ke8 {[%clk 0:58:33]} 24. bxa3 {[%clk 0:20:14]} Bxa3
{[%clk 0:58:15]} 25. Bg5 {[%clk 0:18:45]} c3 {[%clk 0:57:50]} 26. Bc1
{[%clk 0:18:03]} Bb2 {[%clk 0:54:31]} 27. Bxb2 {[%clk 0:16:33]} cxb2
{[%clk 0:54:34]} 28. f4 {[%clk 0:11:56]} Rc8 29. Kf2 Rc1 {[%clk 0:53:39]} 0-1

[Event "Wolrd Chess Olympiad 2018"]
[Site "Batumi"]
[Date "2018.10.03"]
[Round "9"]
[Board "1"]
[WhiteFideId "20500220"]
[White "Mphungu Gerrard"]
[BlackFideId "1126768"]
[Black "Belzo Krzysztof"]
[Result "1/2-1/2"]
[LiveChessVersion "1.4.8"]
[BlackElo "2057"]
[WhiteElo "2091"]

1. d4 {[%clk 1:30:42]} g6 {[%clk 1:30:55]} 2. c4 {[%clk 1:26:57]} Bg7
{[%clk 1:31:21]} 3. Nf3 {[%clk 1:27:09]} c5 {[%clk 1:31:45]} 4. d5
{[%clk 1:26:26]} f5 {[%clk 1:30:19]} 5. g3 {[%clk 1:22:05]} d6 {[%clk 1:30:43]}
6. Bg2 {[%clk 1:22:13]} Nf6 {[%clk 1:27:32]} 7. Nc3 {[%clk 1:22:25]} O-O
{[%clk 1:27:31]} 8. O-O {[%clk 1:13:18]} Nbd7 {[%clk 1:25:42]} 9. Rb1
{[%clk 1:12:22]} Ne8 {[%clk 1:12:28]} 10. Bd2 {[%clk 1:09:21]} Ne5
{[%clk 1:11:11]} 11. Nxe5 {[%clk 1:08:47]} dxe5 {[%clk 1:11:31]} 12. Qc1
{[%clk 0:59:17]} Nd6 {[%clk 1:07:28]} 13. b3 {[%clk 0:57:36]} Rf7
{[%clk 1:01:16]} 14. Bh6 {[%clk 0:52:50]} Qf8 {[%clk 0:56:44]} 15. Bxg7
{[%clk 0:49:41]} Qxg7 {[%clk 0:57:04]} 16. a4 {[%clk 0:49:09]} a5
{[%clk 0:42:48]} 17. Qd2 {[%clk 0:47:37]} Bd7 {[%clk 0:42:01]} 18. Rbe1
{[%clk 0:47:47]} b6 {[%clk 0:40:14]} 19. e4 {[%clk 0:47:12]} f4 {[%clk 0:39:24]}
20. gxf4 {[%clk 0:42:07]} Rxf4 {[%clk 0:39:48]} 21. Ne2 {[%clk 0:42:00]} Rh4
{[%clk 0:36:31]} 22. Qe3 {[%clk 0:30:11]} Rf8 {[%clk 0:28:55]} 23. Nc1
{[%clk 0:27:35]} g5 {[%clk 0:22:23]} 24. Nd3 {[%clk 0:27:18]} Nf7
{[%clk 0:19:05]} 25. Qg3 {[%clk 0:20:20]} Rg4 {[%clk 0:18:40]} 26. Qh3
{[%clk 0:18:21]} Bc8 {[%clk 0:18:57]} 27. Qe3 {[%clk 0:14:50]} Qh6
{[%clk 0:16:23]} 28. f3 {[%clk 0:10:45]} Rh4 {[%clk 0:16:00]} 29. Qf2
{[%clk 0:10:58]} Qf6 {[%clk 0:09:56]} 30. Qg3 {[%clk 0:09:01]} Kh8
{[%clk 0:10:20]} 31. Re2 {[%clk 0:07:48]} Rg8 {[%clk 0:10:29]} 32. Nf2
{[%clk 0:06:42]} h5 {[%clk 0:09:08]} 33. Nd3 {[%clk 0:06:13]} Kh7
{[%clk 0:09:35]} 34. Kh1 {[%clk 0:06:31]} Bd7 {[%clk 0:08:32]} 35. Ree1
{[%clk 0:05:40]} Rg7 {[%clk 0:08:00]} 36. Re2 {[%clk 0:05:38]} Rg8
{[%clk 0:08:16]} 37. Rg1 {[%clk 0:05:16]} Rg7 {[%clk 0:08:10]} 38. Rf1
{[%clk 0:04:06]} Rg8 {[%clk 0:08:34]} 39. Rff2 {[%clk 0:04:24]} Rg7
{[%clk 0:08:43]} 40. Kg1 {[%clk 0:34:05]} Rg8 {[%clk 0:35:52]} 41. Kf1
{[%clk 0:32:38]} Rg7 {[%clk 0:34:00]} 42. Ke1 {[%clk 0:33:02]} Rg8
{[%clk 0:34:13]} 43. Rf1 {[%clk 0:33:08]} Rg7 {[%clk 0:34:21]} 44. Kd2
{[%clk 0:31:49]} Rg8 {[%clk 0:32:32]} 45. Kc2 {[%clk 0:32:08]} Rg7
{[%clk 0:32:53]} 46. Kb2 {[%clk 0:32:14]} Rg8 {[%clk 0:33:07]} 47. Ka2
{[%clk 0:32:32]} Rg7 {[%clk 0:33:34]} 48. Rg1 {[%clk 0:32:17]} Rg8
{[%clk 0:33:03]} 49. Bf1 {[%clk 0:31:44]} Rg7 {[%clk 0:32:59]} 50. Rf2
{[%clk 0:24:12]} Kh6 {[%clk 0:30:10]} 51. Rh1 {[%clk 0:22:24]} Bc8
{[%clk 0:28:31]} 1/2-1/2

[Event "Wolrd Chess Olympiad 2018"]
[Site "Batumi"]
[Date "2018.10.03"]
[Round "9"]
[Board "2"]
[WhiteFideId "15600017"]
[White "Wojciechowski Paul"]
[BlackFideId "20500254"]
[Black "Mwale George"]
[Result "0-1"]
[LiveChessVersion "1.4.8"]
[BlackElo "2000"]
[WhiteElo "1904"]

1. e4 {[%clk 1:30:57]} e5 {[%clk 1:30:54]} 2. Nc3 {[%clk 1:31:18]} Nf6
{[%clk 1:31:18]} 3. Bc4 {[%clk 1:31:41]} Nc6 {[%clk 1:31:26]} 4. d3
{[%clk 1:31:53]} Na5 {[%clk 1:31:42]} 5. Bb3 {[%clk 1:25:19]} Nxb3
{[%clk 1:32:02]} 6. axb3 {[%clk 1:25:45]} Bb4 {[%clk 1:32:20]} 7. Nge2
{[%clk 1:15:57]} d5 {[%clk 1:29:54]} 8. exd5 {[%clk 1:16:08]} Nxd5
{[%clk 1:30:12]} 9. O-O {[%clk 1:16:29]} O-O {[%clk 1:30:21]} 10. Nxd5
{[%clk 1:15:12]} Qxd5 {[%clk 1:30:48]} 11. Nc3 {[%clk 1:15:35]} Qc6
{[%clk 1:30:31]} 12. Bd2 {[%clk 1:14:51]} b6 {[%clk 1:27:31]} 13. Qe2
{[%clk 1:06:52]} Re8 {[%clk 1:23:56]} 14. Rfe1 {[%clk 1:03:40]} Bb7
{[%clk 1:21:11]} 15. Qe4 {[%clk 1:01:53]} Qxe4 {[%clk 1:21:22]} 16. Nxe4
{[%clk 1:02:18]} Be7 {[%clk 1:21:30]} 17. Bc3 {[%clk 0:57:03]} f6
{[%clk 1:21:27]} 18. Re2 {[%clk 0:50:25]} c5 {[%clk 1:17:00]} 19. Rae1
{[%clk 0:49:14]} Kf7 {[%clk 1:16:50]} 20. Bd2 {[%clk 0:39:07]} g5
{[%clk 1:15:56]} 21. h3 {[%clk 0:35:29]} h5 {[%clk 1:15:27]} 22. f3
{[%clk 0:28:47]} Rg8 {[%clk 1:10:11]} 23. Bc3 {[%clk 0:25:35]} b5
{[%clk 1:08:59]} 24. Bd2 {[%clk 0:21:34]} Rac8 {[%clk 1:00:21]} 25. c3
{[%clk 0:13:00]} a6 {[%clk 0:58:45]} 26. Kf1 {[%clk 0:12:26]} Rcd8
{[%clk 0:49:12]} 27. Nf2 {[%clk 0:11:28]} Bd6 {[%clk 0:39:06]} 28. Ne4
{[%clk 0:11:40]} Bf8 {[%clk 0:39:01]} 29. Nf2 {[%clk 0:11:30]} Kg6
{[%clk 0:35:34]} 30. Rd1 {[%clk 0:09:37]} Rg7 {[%clk 0:35:22]} 31. Be3
{[%clk 0:07:42]} Rgd7 {[%clk 0:32:45]} 32. Ree1 {[%clk 0:07:09]} f5
{[%clk 0:32:27]} 33. Ke2 {[%clk 0:06:33]} g4 {[%clk 0:31:28]} 34. hxg4
{[%clk 0:04:41]} hxg4 {[%clk 0:31:53]} 35. fxg4 {[%clk 0:03:36]} f4
{[%clk 0:32:04]} 36. Bc1 {[%clk 0:03:50]} Bxg2 {[%clk 0:32:30]} 37. Ne4
{[%clk 0:02:46]} Bxe4 {[%clk 0:32:34]} 0-1

[Event "Wolrd Chess Olympiad 2018"]
[Site "Batumi"]
[Date "2018.10.03"]
[Round "9"]
[Board "3"]
[WhiteFideId "16400119"]
[White "Chipanga Chiletso"]
[BlackFideId "15600289"]
[Black "Ponomarenko John"]
[Result "1-0"]
[LiveChessVersion "1.4.8"]
[BlackElo "1631"]
[WhiteElo "2153"]

1. d4 {[%clk 1:30:57]} d5 {[%clk 1:30:34]} 2. c4 {[%clk 1:31:24]} Nf6
{[%clk 1:30:32]} 3. cxd5 {[%clk 1:31:43]} Nxd5 {[%clk 1:30:34]} 4. e4
{[%clk 1:32:08]} Nf6 {[%clk 1:29:59]} 5. Nc3 {[%clk 1:32:09]} e6 {[%clk 1:29:07]}
6. Nf3 {[%clk 1:31:53]} Bb4 {[%clk 1:27:46]} 7. Bg5 {[%clk 1:32:12]} h6
{[%clk 1:26:29]} 8. Bxf6 {[%clk 1:31:42]} gxf6 {[%clk 1:26:10]} 9. Be2
{[%clk 1:30:06]} Bd7 {[%clk 1:25:12]} 10. O-O {[%clk 1:30:27]} Nc6
{[%clk 1:19:37]} 11. d5 {[%clk 1:30:24]} Ne5 {[%clk 1:19:00]} 12. Nd4
{[%clk 1:30:34]} Qe7 {[%clk 1:14:50]} 13. dxe6 {[%clk 1:30:37]} fxe6
{[%clk 1:13:52]} 14. Bh5+ {[%clk 1:30:24]} Nf7 {[%clk 1:11:57]} 15. Nf5
{[%clk 1:28:37]} Qf8 {[%clk 1:06:48]} 16. Qb3 {[%clk 1:24:50]} O-O-O
{[%clk 1:04:33]} 17. Bxf7 {[%clk 1:24:11]} Qxf7 {[%clk 1:00:49]} 18. Rac1
{[%clk 1:24:16]} Ba5 {[%clk 0:56:43]} 19. Nb5 {[%clk 1:22:21]} Bb6
{[%clk 0:55:24]} 20. Nfd6+ {[%clk 1:22:21]} 1-0

[Event "Wolrd Chess Olympiad 2018"]
[Site "Batumi"]
[Date "2018.10.03"]
[Round "9"]
[Board "4"]
[WhiteFideId "15600238"]
[White "Wilson David"]
[BlackFideId "16400135"]
[Black "Mwale Joseph"]
[Result "0-1"]
[LiveChessVersion "1.4.8"]
[BlackElo "2231"]
[WhiteElo "1651"]

1. e4 {[%clk 1:30:58]} e5 {[%clk 1:30:56]} 2. Bc4 {[%clk 1:31:23]} Nf6
{[%clk 1:31:21]} 3. d3 {[%clk 1:31:49]} Nc6 {[%clk 1:31:40]} 4. Nf3
{[%clk 1:32:01]} d5 {[%clk 1:31:30]} 5. exd5 {[%clk 1:31:53]} Nxd5
{[%clk 1:31:54]} 6. O-O {[%clk 1:31:31]} Bc5 {[%clk 1:32:20]} 7. Re1
{[%clk 1:18:10]} O-O {[%clk 1:32:41]} 8. c3 {[%clk 1:15:52]} Be6 {[%clk 1:31:35]}
9. Bb3 {[%clk 1:10:19]} Re8 {[%clk 1:27:15]} 10. Bc2 {[%clk 1:06:31]} f6
{[%clk 1:21:07]} 11. Nbd2 {[%clk 1:04:15]} Qd7 {[%clk 1:20:34]} 12. Ne4
{[%clk 1:01:04]} Bb6 {[%clk 1:20:33]} 13. a3 {[%clk 0:52:39]} Nde7
{[%clk 1:17:46]} 14. Be3 {[%clk 0:52:03]} Rad8 {[%clk 1:17:47]} 15. Nc5
{[%clk 0:50:41]} Bxc5 {[%clk 1:17:39]} 16. Bxc5 {[%clk 0:50:45]} Bf5
{[%clk 1:14:17]} 17. d4 {[%clk 0:43:42]} Nd5 {[%clk 1:03:08]} 18. dxe5
{[%clk 0:42:37]} Nxe5 {[%clk 1:01:09]} 19. Nxe5 {[%clk 0:39:07]} fxe5
{[%clk 1:00:11]} 20. Bb3 {[%clk 0:34:02]} Qc6 {[%clk 0:57:50]} 21. Be3
{[%clk 0:32:56]} Kh8 {[%clk 0:52:39]} 22. Qf3 {[%clk 0:28:22]} Qe6
{[%clk 0:50:19]} 23. Rad1 {[%clk 0:25:24]} Bg4 {[%clk 0:50:16]} 24. Rxd5
{[%clk 0:17:42]} Bxf3 {[%clk 0:45:41]} 25. Rxd8 {[%clk 0:18:04]} Qg6
{[%clk 0:45:58]} 26. Rxe8+ {[%clk 0:17:23]} Qxe8 {[%clk 0:46:23]} 27. gxf3
{[%clk 0:17:43]} h5 {[%clk 0:45:53]} 28. Kh1 {[%clk 0:16:18]} Qb5
{[%clk 0:44:23]} 29. Bf7 {[%clk 0:16:06]} h4 {[%clk 0:44:08]} 30. b4
{[%clk 0:14:47]} Qc6 {[%clk 0:44:02]} 31. Kg2 {[%clk 0:14:23]} e4
{[%clk 0:43:41]} 32. Bh5 {[%clk 0:12:49]} h3+ {[%clk 0:41:00]} 33. Kg3
{[%clk 0:13:10]} Qxc3 {[%clk 0:41:23]} 34. Rc1 {[%clk 0:13:26]} Qe5+
{[%clk 0:41:39]} 35. Kh4 {[%clk 0:11:49]} Qxh2 {[%clk 0:41:54]} 36. fxe4
{[%clk 0:10:25]} Qg2 {[%clk 0:41:51]} 37. Bf4 {[%clk 0:04:12]} h2
{[%clk 0:42:05]} 38. Bxh2 {[%clk 0:04:37]} g5# {[%clk 0:42:32]} 0-1

[Event "Wolrd Chess Olympiad 2018"]
[Site "Batumi"]
[Date "2018.10.03"]
[Round "9"]
[Board "1"]
[WhiteFideId "19900023"]
[White "Aw Ousmane"]
[BlackFideId "15701190"]
[Black "Kibrom Weldegebriel Beraki"]
[Result "0-1"]
[LiveChessVersion "1.4.8"]
[BlackElo "1723"]
[WhiteElo "1880"]

1. d4 {[%clk 1:30:56]} Nf6 {[%clk 1:28:04]} 2. Nf3 {[%clk 1:31:20]} e6
{[%clk 1:27:56]} 3. Bf4 {[%clk 1:31:43]} c5 {[%clk 1:27:58]} 4. e3
{[%clk 1:31:57]} Nc6 {[%clk 1:27:30]} 5. c3 {[%clk 1:31:37]} Nh5 {[%clk 1:26:42]}
6. Bg5 {[%clk 1:30:58]} Qb6 {[%clk 1:27:04]} 7. b3 {[%clk 1:29:49]} h6
{[%clk 1:26:35]} 8. Bh4 {[%clk 1:29:57]} g5 {[%clk 1:26:30]} 9. Ne5
{[%clk 1:28:58]} Nxe5 {[%clk 1:14:50]} 10. Qxh5 {[%clk 1:26:41]} cxd4
{[%clk 1:03:23]} 11. exd4 {[%clk 1:26:30]} Ng6 {[%clk 1:02:04]} 12. Bg3
{[%clk 1:25:28]} Bg7 {[%clk 1:02:23]} 13. Bd3 {[%clk 1:14:09]} Ne7
{[%clk 1:02:15]} 14. Nd2 {[%clk 1:07:22]} Qa5 {[%clk 0:37:45]} 15. Ne4
{[%clk 1:06:14]} Nf5 {[%clk 0:37:26]} 16. O-O {[%clk 1:05:48]} d5
{[%clk 0:30:42]} 17. b4 {[%clk 1:03:03]} Qd8 {[%clk 0:30:11]} 18. Bb5+
{[%clk 1:02:17]} Bd7 {[%clk 0:29:46]} 19. Bxd7+ {[%clk 1:02:28]} Qxd7
{[%clk 0:30:01]} 20. Nc5 {[%clk 1:02:27]} Qc6 {[%clk 0:16:53]} 21. Nxe6
{[%clk 1:02:37]} Ke7 {[%clk 0:16:53]} 22. Nxg7 {[%clk 1:00:09]} Nxg7
{[%clk 0:17:10]} 23. Rfe1+ {[%clk 0:59:39]} Kf8 {[%clk 0:15:28]} 24. Qg4
{[%clk 0:57:43]} f6 {[%clk 0:12:16]} 25. Qe2 {[%clk 0:52:17]} Re8
{[%clk 0:12:26]} 26. Qd3 {[%clk 0:52:30]} Kf7 {[%clk 0:12:42]} 27. f3
{[%clk 0:51:01]} Rxe1+ {[%clk 0:10:36]} 28. Rxe1 {[%clk 0:49:17]} Re8
{[%clk 0:11:00]} 29. Rc1 {[%clk 0:47:46]} Qa4 {[%clk 0:10:57]} 30. Rc2
{[%clk 0:44:29]} Re6 {[%clk 0:10:20]} 31. h3 b5 {[%clk 0:07:16]} 32. Kf2
{[%clk 0:28:44]} Qa6 {[%clk 0:07:28]} 33. Qh7 {[%clk 0:25:08]} Qa4
{[%clk 0:06:41]} 34. Rd2 {[%clk 0:21:59]} Qa3 {[%clk 0:06:51]} 35. Qc2
{[%clk 0:17:40]} Rc6 {[%clk 0:07:01]} 36. Rd3 {[%clk 0:14:55]} Qxb4
{[%clk 0:07:10]} 37. Qd2 {[%clk 0:12:56]} Qb1 {[%clk 0:06:57]} 38. Qe2
{[%clk 0:07:46]} Ra6 {[%clk 0:05:24]} 39. Rd2 {[%clk 0:04:27]} Re6
{[%clk 0:05:08]} 40. Qf1 {[%clk 0:34:28]} Qxf1+ {[%clk 0:34:38]} 41. Kxf1
{[%clk 0:34:56]} Rc6 {[%clk 0:33:18]} 42. Rd3 {[%clk 0:32:09]} Ra6
{[%clk 0:32:39]} 43. Rd2 {[%clk 0:31:31]} Ra3 {[%clk 0:26:42]} 44. Rc2
{[%clk 0:31:43]} Nf5 {[%clk 0:26:46]} 45. Bf2 {[%clk 0:30:28]} Nd6
{[%clk 0:26:53]} 46. g4 {[%clk 0:26:20]} Nc4 {[%clk 0:25:16]} 47. Ke2
{[%clk 0:26:06]} Ra6 {[%clk 0:23:48]} 48. Kf1 {[%clk 0:22:23]} Ra3
{[%clk 0:23:52]} 49. Ke2 {[%clk 0:22:34]} Ra6 {[%clk 0:24:10]} 50. Kf1
{[%clk 0:22:57]} Ra4 {[%clk 0:21:25]} 51. Ke2 {[%clk 0:22:05]} Kg6
{[%clk 0:19:11]} 52. Bg3 {[%clk 0:21:55]} Ra6 {[%clk 0:19:14]} 53. Kd3
{[%clk 0:19:19]} Ra3 {[%clk 0:19:08]} 54. Ke2 {[%clk 0:19:43]} Ra6
{[%clk 0:19:02]} 55. Kd3 {[%clk 0:19:58]} Ra3 {[%clk 0:19:30]} 56. Be1
{[%clk 0:16:43]} Kf7 {[%clk 0:16:31]} 57. Bd2 {[%clk 0:16:45]} Ra6
{[%clk 0:15:06]} 58. Bc1 {[%clk 0:16:28]} Ra4 {[%clk 0:12:19]} 59. Ke2
{[%clk 0:14:35]} Ra6 {[%clk 0:12:42]} 60. Kf2 {[%clk 0:14:21]} Ra4
{[%clk 0:12:47]} 61. Kg3 {[%clk 0:13:46]} Ra6 {[%clk 0:13:07]} 62. h4
{[%clk 0:13:32]} Re6 {[%clk 0:13:02]} 63. h5 {[%clk 0:13:05]} Re1
{[%clk 0:11:02]} 64. a3 Nd6 {[%clk 0:07:58]} 65. Kf2 {[%clk 0:07:44]} Rh1
{[%clk 0:08:17]} 66. Kg2 {[%clk 0:07:22]} Re1 {[%clk 0:08:21]} 67. Be3
{[%clk 0:07:43]} Rxe3 {[%clk 0:08:12]} 68. Kf2 {[%clk 0:08:01]} Nc4
{[%clk 0:07:59]} 69. Rc1 {[%clk 0:08:14]} Rd3 {[%clk 0:08:03]} 70. a4
{[%clk 0:08:09]} bxa4 {[%clk 0:07:49]} 71. Kg3 {[%clk 0:08:22]} Rd2
{[%clk 0:07:39]} 72. Rb1 {[%clk 0:08:39]} Rb2 {[%clk 0:07:24]} 0-1

[Event "Wolrd Chess Olympiad 2018"]
[Site "Batumi"]
[Date "2018.10.03"]
[Round "9"]
[Board "1"]
[WhiteFideId "19600054"]
[White "Hemam Moulaye Brahim"]
[BlackFideId "9100024"]
[Black "Fancy Stuart"]
[Result "1-0"]
[LiveChessVersion "1.4.8"]
[BlackElo "1950"]
[WhiteElo "2018"]

1. d4 {[%clk 1:30:54]} d6 {[%clk 1:30:54]} 2. Nf3 {[%clk 1:31:04]} Nf6
{[%clk 1:31:15]} 3. g3 {[%clk 1:31:22]} g6 {[%clk 1:31:40]} 4. Bg2
{[%clk 1:31:46]} Bg7 {[%clk 1:32:02]} 5. O-O {[%clk 1:32:09]} O-O
{[%clk 1:32:23]} 6. c4 {[%clk 1:32:19]} c6 {[%clk 1:32:36]} 7. Nc3
{[%clk 1:32:09]} Bf5 {[%clk 1:32:32]} 8. Bg5 {[%clk 1:31:05]} Ne4
{[%clk 1:32:40]} 9. Nxe4 {[%clk 1:30:51]} Bxe4 {[%clk 1:33:00]} 10. Qd2
{[%clk 1:31:08]} Re8 {[%clk 1:32:44]} 11. Bh6 {[%clk 1:29:13]} Bh8
{[%clk 1:33:01]} 12. Qf4 {[%clk 1:27:22]} Bxf3 {[%clk 1:31:04]} 13. Bxf3
{[%clk 1:27:00]} Nd7 {[%clk 1:29:10]} 14. Qd2 {[%clk 1:25:43]} e5
{[%clk 1:26:48]} 15. e3 {[%clk 1:25:22]} Qf6 {[%clk 1:25:43]} 16. Bg4
{[%clk 1:22:55]} Nb6 {[%clk 1:19:32]} 17. c5 {[%clk 1:20:35]} dxc5
{[%clk 1:11:36]} 18. dxc5 {[%clk 1:20:47]} g5 {[%clk 1:11:29]} 19. cxb6
{[%clk 1:20:02]} Red8 {[%clk 1:10:04]} 20. Qb4 {[%clk 1:17:57]} Qxh6
{[%clk 1:06:07]} 21. bxa7 {[%clk 1:16:49]} Rxa7 {[%clk 1:06:04]} 22. Qb6
{[%clk 1:14:54]} Rda8 {[%clk 1:06:15]} 23. a3 {[%clk 1:14:54]} Qf8
{[%clk 0:54:43]} 24. Rad1 {[%clk 1:13:54]} Bf6 {[%clk 0:54:48]} 25. Rd7
{[%clk 1:06:38]} Bd8 {[%clk 0:54:46]} 26. Qb3 {[%clk 1:06:59]} b5
{[%clk 0:54:48]} 27. Rfd1 {[%clk 1:07:11]} Be7 {[%clk 0:54:49]} 28. Bf5
{[%clk 1:01:05]} b4 {[%clk 0:51:51]} 29. Rxa7 {[%clk 0:55:59]} Rxa7
{[%clk 0:52:11]} 30. a4 {[%clk 0:56:17]} Qa8 {[%clk 0:49:50]} 31. Bc2
{[%clk 0:56:29]} Qf8 {[%clk 0:48:35]} 32. Qd3 {[%clk 0:48:54]} Qg7
{[%clk 0:42:42]} 33. Qf5 {[%clk 0:46:11]} Rc7 {[%clk 0:40:16]} 34. Rd7
{[%clk 0:35:39]} Rxd7 {[%clk 0:40:29]} 35. Qxd7 {[%clk 0:36:06]} Qf6
{[%clk 0:40:13]} 36. a5 {[%clk 0:35:45]} Qe6 {[%clk 0:29:25]} 37. Qe8+
{[%clk 0:30:20]} Kg7 {[%clk 0:27:23]} 38. a6 {[%clk 0:27:26]} Bc5
{[%clk 0:27:35]} 39. Qb8 {[%clk 0:25:19]} Qe7 {[%clk 0:21:20]} 40. Qc8
{[%clk 0:54:36]} Qe6 {[%clk 0:45:47]} 41. Qc7 {[%clk 0:48:45]} g4
{[%clk 0:36:28]} 42. a7 {[%clk 0:44:56]} Bxa7 {[%clk 0:36:37]} 43. Qxa7
{[%clk 0:45:16]} b3 {[%clk 0:36:56]} 44. Bd3 {[%clk 0:44:40]} Qd6
{[%clk 0:36:20]} 45. Qa6 {[%clk 0:43:33]} Qb4 {[%clk 0:33:01]} 46. Qxc6
{[%clk 0:42:04]} Qd2 {[%clk 0:33:13]} 47. Qe4 {[%clk 0:38:59]} 1-0